|
|
|
|
| LEADER |
00640cam a2200181 7i4500 |
| 001 |
0000025058 |
| 005 |
20101101090000.0 |
| 020 |
0 |
0 |
|a 978-0470-82321-7
|
| 090 |
0 |
0 |
|a B 658.110951
|b FER
|
| 100 |
1 |
0 |
|a Fernandez
|
| 245 |
1 |
0 |
|a China entrepreneur :
|b voices of experience from 40 international business pioneers.
|
| 260 |
0 |
0 |
|a Singapore:
|b John Wiley & Sons,
|c 2009.
|
| 300 |
# |
# |
|a 336 p.
|
| 650 |
0 |
0 |
|a Industrial policy --
|z China
|
| 650 |
0 |
0 |
|a New business enterprises --
|x Management --
|z China
|
| 650 |
0 |
0 |
|a Business enterprises, Foreign --
|z China
|
| 650 |
0 |
0 |
|a Entrepreneurship --
|z China
|
| 999 |
|
|
|a B000027820
|b Book
|c Book
|e Business Information Centre
|